00523 2200217 4500001002100000005001500021035002000036007000300056008004100059020001800100082000800118084001400126100001600140245002500156250001100181260003600192300003100228650002000259990001300279990001300292INLIS00000000000103120230313065034 a0010-0323000037ta230313 g f ind  a979-407-772-0 a813 a813 PUT d0 aPutu Wijaya1 aDarah /cPutu Wijaya acet. 1 aJakarta :bBalai Pustaka,c1995 a222 hlm. :bIlus ;c21 cm. 4aFiksi Indonesia a01780178 a02330233